Statistics for GP3 2018 Drivers

Click here to take the quiz!

General Stats

  • This quiz has been taken 14 times
  • The average score is 12 of 26

Answer Stats

TeamCarDriverNationRounds% Correct
ART Grand Prix2Anthoine HubertFrance1-9
88%
Jenzer Motorsport10Juan Manuel CorreaUnited States1-9
88%
ART Grand Prix3Nikita MazepinRussia1-9
88%
MP Motorsport24Niko KariFinland1-7
88%
ART Grand Prix1Callum IlottUnited Kingdom1-9
75%
Trident5Pedro PiquetBrazil1-9
75%
Jenzer Motorsport9Tatiana CalderónColombia1-9
63%
MP Motorsport23Christian LundgaardDenmark2
50%
Trident8David BeckmannGermany5-9
50%
Jenzer Motorsport11David BeckmannGermany1-4
50%
MP Motorsport23Devlin DeFrancescoCanada3-9
50%
MP Motorsport22Dorian BoccolacciFrance1-5
50%
Trident6Giuliano AlesiFrance1-9
50%
ART Grand Prix4Jake HughesUnited Kingdom1-9
50%
MP Motorsport22Richard VerschoorThe Netherlands6-9
50%
Trident7Ryan TveterUnited States1-9
50%
Trident8Alessio LorandiItaly1-4
38%
Campos Racing18Leonardo PulciniItaly1-9
38%
Arden International16Joey MawsonAustralia1-9
25%
Arden International15Sacha FenestrazFrance8-9
25%
Campos Racing19Simo LaaksonenFinland1-9
25%
Campos Racing20Diego MenchacaMexico1-9
13%
Arden International14Gabriel AubryFrance1-9
13%
Jenzer Motorsport11Jannes FittjeGermany5-9
13%
Arden International15Julien FalcheroFrance1-7
13%
MP Motorsport23Will PalmerUnited Kingdom1
13%

Score Distribution

Percentile by Number Answered

Percent of People with Each Score

Your Score History

You have not taken this quiz